| 000 | 00368nam a22001457a 4500 | ||
|---|---|---|---|
| 003 | NUST | ||
| 020 | _a9787119116099 | ||
| 082 |
_a320.951 _bBRO |
||
| 100 |
_a Brown, William N _986529 |
||
| 245 |
_aOff the wall : how we fell for China / _cWilliam N. Brown |
||
| 260 |
_a Beijing _b Foreign Language Press _c 2018 |
||
| 300 | _a216p | ||
| 563 | _aPB | ||
| 942 |
_2ddc _cBK |
||
| 999 |
_c608410 _d608410 |
||